书目信息 |
| 题名: |
Lotus Domino 6系统管理 上
|
|
| 作者: | 陈山 编著 | |
| 分册: | 上册 | |
| 出版信息: | 北京 中国水利水电出版社 2004.01 |
|
| 页数: | 475页 | |
| 开本: | 26cm | |
| 丛书名: | 万水Lotus Notes/Domino应用与开发丛书 | |
| 单 册: | ||
| 中图分类: | TP311.1 | |
| 科图分类: | ||
| 主题词: | 程序设计--软件工具, Lotus Domino 6 , 软件工具 , 程序设计 | |
| 电子资源: | ||
| ISBN: | 7-5084-1728-3 | |
| 000 | 00929nam2 2200277 45 | |
| 001 | 012004000000 | |
| 005 | 20050113144221.19 | |
| 010 | @a7-5084-1728-3@dCNY 45.00 | |
| 100 | @a20040319d2004 em y0chiy0121 ea | |
| 101 | 0 | @achi |
| 102 | @aCN@b110000 | |
| 105 | @aak z 000yy | |
| 200 | 1 | @aLotus Domino 6系统管理 上@ALotus Domino 6 xi tong guan li shang@h上册@f陈山等编著 |
| 210 | @a北京@c中国水利水电出版社@d2004.01 | |
| 215 | @a475页@c图, 表格@d26cm | |
| 225 | 2 | @a万水Lotus Notes/Domino应用与开发丛书 |
| 330 | @a本书内容: Lotus Domino概述; Domino 6的新特性; 规划Domino应用; 安装与设置第一台服务器...... | |
| 410 | 0 | @12001 @a万水Lotus Notes/Domino应用与开发丛书 |
| 606 | 0 | @a程序设计@x软件工具, Lotus Domino 6 |
| 606 | 0 | @a软件工具 |
| 606 | 0 | @a程序设计 |
| 610 | 1 | @aLotus Domino 6 |
| 690 | @aTP311.1@v4 | |
| 701 | 0 | @a陈山@Achen shan@4编著 |
| 801 | 0 | @aCN@bQSSK@c20050113 |
| 905 | @a10447@dTP311.1@eC565:1 | |
| Lotus Domino 6系统管理 上.上册/陈山等编著.-北京:中国水利水电出版社,2004.01 |
| 475页:图, 表格;26cm.-(万水Lotus Notes/Domino应用与开发丛书) |
| ISBN 7-5084-1728-3:CNY 45.00 |
| 本书内容: Lotus Domino概述; Domino 6的新特性; 规划Domino应用; 安装与设置第一台服务器...... |
| ● |
| 相关链接 |
|
|
|
正题名:Lotus Domino 6系统管理 上
索取号:TP311.1/C565:1
 
预约/预借
| 序号 | 登录号 | 条形码 | 馆藏地/架位号 | 状态 | 备注 |
| 1 | 437106 | 204371063 | 自科二线400A/400A自科库 3排3列4层/ [索取号:TP311.1/C565:1] | 在馆 | |
| 2 | 437107 | 204371072 | 自科库301/301自科库 47排3列1层/ [索取号:TP311.1/C565:1] | 在馆 | |
| 3 | 437108 | 204371081 | 自科二线400A/400A自科库 3排3列3层/ [索取号:TP311.1/C565:1] | 在馆 |